00370nam a22000977a 4500082002100000245006900021250002000090260005200110300001200162500009800174 a341.65bRPO 2010 aProtocols additional to the Geneva Conventions of 12 August 1949 arevised edition b International Committee of the Red Crossc2010 a119b23 aGeneral provisions Wounded, Sick and Shipwrecked Medical Transportation Civilian Population